A roadmap for cognitive development in humanoid robots / (Record no. 32895)

000 -LEADER
fixed length control field 01785cam a22004337a 4500
001 - CONTROL NUMBER
control field 9392781
003 - CONTROL NUMBER IDENTIFIER
control field OSt
005 - DATE AND TIME OF LATEST TRANSACTION
control field 20211122095446.0
006 - FIXED-LENGTH DATA ELEMENTS--ADDITIONAL MATERIAL CHARACTERISTICS
fixed length control field m d
007 - PHYSICAL DESCRIPTION FIXED FIELD--GENERAL INFORMATION
fixed length control field cr n
008 - FIXED-LENGTH DATA ELEMENTS--GENERAL INFORMATION
fixed length control field 101004s2010 gw a sb 001 0 eng d
020 ## - INTERNATIONAL STANDARD BOOK NUMBER
International Standard Book Number 9783642169038 (hdbk. : acidfree paper)
035 ## - SYSTEM CONTROL NUMBER
System control number (WaSeSS)ssj0000610761
038 ## - RECORD CONTENT LICENSOR
Staff Name Khadija
040 ## - CATALOGING SOURCE
Original cataloging agency BTCTA
Language of cataloging eng
Transcribing agency BTCTA
Modifying agency YDXCP
-- BWX
-- EMU
-- MUU
-- CWI
-- OHX
-- DLC
-- WaSeSS
042 ## - AUTHENTICATION CODE
Authentication code lccopycat
050 #4 - LIBRARY OF CONGRESS CALL NUMBER
Classification number Q325
Item number .V47 2010
072 #7 - SUBJECT CATEGORY CODE
Subject category code TJ
Source lcco
082 04 - DEWEY DECIMAL CLASSIFICATION NUMBER
Classification number 629.892
Edition number 22
Author Mark VER
100 1# - MAIN ENTRY--PERSONAL NAME
Personal name Vernon, David,
Dates associated with a name 1958-
9 (RLIN) 84813
210 10 - ABBREVIATED TITLE
Abbreviated title A roadmap for cognitive development in humanoid robots
245 12 - TITLE STATEMENT
Title A roadmap for cognitive development in humanoid robots /
Statement of responsibility, etc. David Vernon, Claes von Hofsten and Luciano Fadiga.
260 ## - PUBLICATION, DISTRIBUTION, ETC.
Place of publication, distribution, etc. Berlin :
Name of publisher, distributor, etc. Springer,
Date of publication, distribution, etc. c2010.
490 1# - SERIES STATEMENT
Series statement Cognitive systems monographs ;
Volume/sequential designation v. 11
500 ## - GENERAL NOTE
General note "This book is based on the results of the RobotCub research project, the goal of which was to develop the iCub, an open and widely-adopted humanoid robot for cognitive systems research"--p. [ix].
504 ## - BIBLIOGRAPHY, ETC. NOTE
Bibliography, etc. note Includes bibliographical references (p. 199-218) and index.
506 ## - RESTRICTIONS ON ACCESS NOTE
Terms governing access License restrictions may limit access.
563 ## - BINDING INFORMATION
Binding note HB
650 #0 - SUBJECT ADDED ENTRY--TOPICAL TERM
Topical term or geographic name entry element Cognition
General subdivision Computer simulation.
9 (RLIN) 84814
650 #0 - SUBJECT ADDED ENTRY--TOPICAL TERM
Topical term or geographic name entry element Cognition.
9 (RLIN) 84815
650 #0 - SUBJECT ADDED ENTRY--TOPICAL TERM
Topical term or geographic name entry element Conscious automata.
9 (RLIN) 84816
700 1# - ADDED ENTRY--PERSONAL NAME
Personal name Hofsten, Claes von.
9 (RLIN) 84817
700 1# - ADDED ENTRY--PERSONAL NAME
Personal name Fadiga, Luciano.
9 (RLIN) 84818
773 #0 - HOST ITEM ENTRY
Title SpringerLink ebooks - Engineering (2011)
830 #0 - SERIES ADDED ENTRY--UNIFORM TITLE
Uniform title Cognitive systems monographs ;
Volume/sequential designation v. 11.
9 (RLIN) 84819
856 40 - ELECTRONIC LOCATION AND ACCESS
Uniform Resource Identifier <a href="http://www.columbia.edu/cgi-bin/cul/resolve?clio9392781">http://www.columbia.edu/cgi-bin/cul/resolve?clio9392781</a>
Public note Full text available from SpringerLink ebooks - Engineering (2011)
910 ## - USER-OPTION DATA (OCLC)
User-option data Library of Congress record
942 ## - ADDED ENTRY ELEMENTS (KOHA)
Source of classification or shelving scheme
Koha item type Book
Holdings
Withdrawn status Lost status Source of classification or shelving scheme Damaged status Not for loan Permanent Location Current Location Shelving location Date acquired Full call number Barcode Date last seen Price effective from Koha item type
          School of Mechanical & Manufacturing Engineering (SMME) School of Mechanical & Manufacturing Engineering (SMME) General Stacks 12/09/2015 629.892 VER SMME-1840 03/29/2018 12/09/2015 Book
© 2023 Central Library, National University of Sciences and Technology. All Rights Reserved.